Terrorism and the real issues / (Record no. 1449)

000 -LEADER
fixed length control field nam a22 a 4500
003 - CONTROL NUMBER IDENTIFIER
control field AKMAL
005 - DATE AND TIME OF LATEST TRANSACTION
control field 20170509152416.0
008 - FIXED-LENGTH DATA ELEMENTS--GENERAL INFORMATION
fixed length control field 170509s2003 my | | 000 0 eng d
020 ## - INTERNATIONAL STANDARD BOOK NUMBER
International Standard Book Number 9679788601 (pbk.)
039 #9 - LEVEL OF BIBLIOGRAPHIC CONTROL AND CODING DETAIL [OBSOLETE]
Level of rules in bibliographic description 201305311506
Level of effort used to assign nonsubject heading access points fadzli
Level of effort used to assign subject headings 201305171520
Level of effort used to assign classification fadzli
Level of effort used to assign subject headings 201011300936
Level of effort used to assign classification farah
Level of effort used to assign subject headings 200808261257
Level of effort used to assign classification VLOAD
040 ## - CATALOGING SOURCE
Original cataloging agency AKMAL
082 04 - DEWEY DECIMAL CLASSIFICATION NUMBER
Classification number 303.625 MAH
Edition number 21
090 00 - LOCALLY ASSIGNED LC-TYPE CALL NUMBER (OCLC); LOCAL CALL NUMBER (RLIN)
Classification number (OCLC) (R) ; Classification number, CALL (RLIN) (NR) 303.625
Local cutter number (OCLC) ; Book number/undivided call number, CALL (RLIN) MAH
100 0# - MAIN ENTRY--PERSONAL NAME
Personal name Mahathir Mohamad,
Titles and words associated with a name Tun,
Dates associated with a name 1925-
9 (RLIN) 41
245 10 - TITLE STATEMENT
Title Terrorism and the real issues /
Statement of responsibility, etc. Mahathir Mohamad ; edited by Hashim Makaruddin
260 ## - PUBLICATION, DISTRIBUTION, ETC.
Place of publication, distribution, etc. Subang Jaya, Selangor :
Name of publisher, distributor, etc. Pelanduk Publications,
Date of publication, distribution, etc. 2003
300 ## - PHYSICAL DESCRIPTION
Extent 127p. ;
Dimensions 22cm.
500 ## - GENERAL NOTE
General note Includes index
500 ## - GENERAL NOTE
General note Koleksi Peribadi YABhg. Tun Ahmad Sarji (2100426)
650 10 - SUBJECT ADDED ENTRY--TOPICAL TERM
Topical term or geographic name entry element Terrorism
General subdivision Religious aspects
-- Islam
9 (RLIN) 2866
650 20 - SUBJECT ADDED ENTRY--TOPICAL TERM
Topical term or geographic name entry element International offenses
9 (RLIN) 2867
650 20 - SUBJECT ADDED ENTRY--TOPICAL TERM
Topical term or geographic name entry element Islam and world politics
9 (RLIN) 2137
700 0# - ADDED ENTRY--PERSONAL NAME
Personal name Hashim Makaruddin
9 (RLIN) 58
942 ## - ADDED ENTRY ELEMENTS (KOHA)
Source of classification or shelving scheme
Koha item type Book
Holdings
Withdrawn status Lost status Source of classification or shelving scheme Damaged status Not for loan Collection code Home library Current library Shelving location Date acquired Inventory number Total Checkouts Full call number Barcode Date last seen Price effective from Koha item type
          NON-FICTION AKMAL Melaka AKMAL Melaka PINJAMAN 09.05.2017 303753   303.625 MAH 201702725 09.05.2017 09.05.2017 Book
          NON-FICTION AKMAL Melaka AKMAL Melaka PINJAMAN 09.05.2017 303752   303.625 MAH 201702810 09.05.2017 09.05.2017 Book
Pusat Sumber Maklumat Dato' Haji Sarmin Md Hussin, Akademi Kastam Diraja Malaysia, Melaka
Tel: 06-2331106 | Faks: 06-2313787